Normal view
MARC view
- Classical Dynamics
Entry Topical Term
001 - CONTROL NUMBER
- control field: 124925
003 - CONTROL NUMBER IDENTIFIER
- control field: NUST
005 - DATE AND TIME OF LATEST TRANSACTION
- control field: 20240731153622.0
008 - FIXED-LENGTH DATA ELEMENTS
- fixed length control field: 240731|| aca||aabn | a|a d
040 ## - CATALOGING SOURCE
- Original cataloging agency: NUST
- Transcribing agency: NUST
150 ## - HEADING--TOPICAL TERM
- Topical term or geographic name entry element: Classical Dynamics
670 ## - SOURCE DATA FOUND
- Source citation: Work cat.: (NUST): Jorge V. Jose 124923, Classical Dynamics , 2002.
